000 01067cam a22002897a 4500
003 CHAP
005 20220329134900.0
008 971013d1978 mx a r 00110 spa d
010 _a27452
011 _a28424
035 _a32528
040 _cCHAP
082 0 4 _a630.72
_bI44c
110 0 _aINIA. México. Campo Agrícola Experimental Centro Chiapas
_958478
245 1 0 _aGuía para la asistencia técnica agrícola área de influecnia del Campo agrícola experimental Centro de Chiapas.
260 _aMéxico, D.F. :
_bInstituto Nacional de Investigaciones Agrícolas,
_c1978.
300 _a56 p.
_b: ilus
590 _aBATCH-UPD
_b10
_c20130110
_lUCH01
_h1144
590 _aBATCH-UPD
_b10
_c20130410
_lUCH01
_h0729
590 _aCONVERSION
_b10
_c20130109
_lUCH01
_h1316
650 1 4 _aAgricultura
_xChiapas.
_91355
650 1 4 _aAgricultura
_xInvestigacion
_xChiapas.
_91597
901 _aBK
942 _cLIBRO
949 _a630.72 I44c
_bBC
_cC
_d33724000562435
_eC
_h678
_i32528
_mD
_si
949 _a630.72 I44c
_bBC
_cC
_d33724000704425
_eC
_fc.2
_h94174
_i32528
_kDonaciØn
_sb
999 _c27452
_d27452